| 000 | 00845nam a2200265 a 4500 | ||
|---|---|---|---|
| 001 | 000028647 | ||
| 003 | DO-SdBPM | ||
| 005 | 20250221102732.0 | ||
| 008 | 110411s2000 dr 000 j spa d | ||
| 040 |
_aDO-SdBPM _bspa _cBPMSU |
||
| 082 |
_aRD863.44 _bN174c 2000 _222 |
||
| 100 | 1 |
_aNamnún G, José E. _d1948- |
|
| 245 | 1 | 0 |
_aCuentos para niños(as) / _c José E. Namnún G. |
| 250 | _a | ||
| 260 |
_aSanto Domingo : _bImpresora Cleto, _c2000. |
||
| 300 |
_a71 p. ; _c21 cm. |
||
| 500 | _aIncluye datos biográficos del autor en la contracubierta. | ||
| 590 | _aInventariado, 2025/VM | ||
| 650 | 0 | _aCuentos infantiles dominicanos | |
| 650 | 4 | _aLiteratura infantil dominicana | |
| 650 | z | _aDominican children’s stories | |
| 650 | z | _aChildren's stories, dominican | |
| 910 | _aVMateo V. Control de calidad BPMSU | ||
| 942 |
_2ddc _cBK |
||
| 999 |
_c14910 _d14910 |
||